Foro Revista de derecho

Detalles Bibliográficos
Formato: Libro
Lenguaje:español
Publicado: Quito: Universidad Andina Simn̤ Bolv̕ar, 2003-
Materias:
Acceso en línea:Acceso restringido

MARC

LEADER 00000nam a22000007a 4500
005 20131224134414.0
007 cr|||| ||||
008 131224c20039999ec ||||s |||| 0||| 1spa d
022 |a 2248-7212 
035 |a 11652 
040 |a vLex 
090 |c 4658  |d 4658 
245 0 0 |a Foro  |h [Recurso electrn̤ico]:  |b Revista de derecho 
256 |a Servicio en ln̕ea 
260 |a Quito:  |b Universidad Andina Simn̤ Bolv̕ar,  |c 2003- 
300 |a 1 recurso electrn̤ico 
310 |a Semestral 
362 |a Nm︢. 1 (2003)-  
506 1 |a Contenido solo disponible en los productos indicados  |d vLex Global  |d vLex Global (Academic Edition, excluding Law Schools)  |d vLex Global (U.S. Academic Edition, Law Schools)  |d vLex Global (U.S. Academic Edition, excluding Law Schools)  |d vLex Global (Academic Edition, Law Schools) 
650 0 4 |a Derecho  |z Ecuador 
740 0 |a vLex Libros (Servicio en ln̕ea) 
856 4 0 |u http://vlex.com/source/foro-revista-de-derecho-11652  |z Acceso restringido 
942 |c REV 
999 0 |a Law